Critique de la raison pratique

Сохранить в:
Библиографические подробности
Формат:
Язык:французский
Опубликовано: París J. Vrin 1965
Серии:Bibliothèque des Textes Philosophiques
Предметы:
Метки: Добавить метку
Нет меток, Требуется 1-ая метка записи!

MARC

LEADER 00000nam a2200000 a 4500
001 UCZ3023
003 CL-VaPUC
005 20220319074504.0
008 951013e19650000FR |||||||||||||||||fre|d
999 |c 239553  |d 239551 
040 |c Pontificia Universidad Católica de Valparaíso 
082 0 4 |a 142.3  |b KAN  |2 21 
245 1 0 |a Critique de la raison pratique 
260 |a París  |b J. Vrin  |c 1965 
300 |a 186 p 
490 0 |a Bibliothèque des Textes Philosophiques 
583 |a last modification  |c 19951013 00:00:00  |k Rodrigo Vera 
650 0 |a Metafísica  |9 265649 
650 0 |a Razón   |9 314475 
650 0 |a Ética  |9 255099 
650 0 |a Conceptos morales   |9 310606 
650 0 |a Filosofía alemana   |9 265002 
852 |a BIBCUR 
942 |c BK  |2 ddc 
945 |d 19951013 00:00:00  |a cmena 
952 |0 0  |1 0  |4 0  |6 142_300000000000000_KAN_1965  |7 0  |8 P  |9 250789  |a BIBEDU  |b BIBEDU  |c BIBEDU_PB  |d 2019-11-18  |i 158300K  |o 142.3 KAN 1965  |p 158300K  |r 2024-01-25  |w 2019-11-18  |y BK  |k FIL